Statistics for NASCAR Drivers who won for Richard Childress Racing

Click here to take the quiz!

General Stats

  • This quiz has been taken 50 times
  • The average score is 8 of 10

Answer Stats

HintAnswer% Correct
3Dale Earnhardt
100%
33, 3Austin Dillon
97%
29Kevin Harvick
94%
33, 07Clint Bowyer
89%
27Paul Menard
86%
31, 8Tyler Reddick
86%
31Ryan Newman
80%
30, 31Jeff Burton
71%
31Robby Gordon
57%
3Ricky Rudd
43%

Score Distribution

Percentile by Number Answered

Percent of People with Each Score

Your Score History

You have not taken this quiz